Normal view
MARC view
Entry Topical Term
001 - CONTROL NUMBER
- control field: 1114711
003 - CONTROL NUMBER IDENTIFIER
- control field: OSt
005 - DATE AND TIME OF LATEST TRANSACTION
- control field: 20260209164700.0
008 - FIXED-LENGTH DATA ELEMENTS
- fixed length control field: 260209|| aca||aabn | a|a d
040 ## - CATALOGING SOURCE
- Original cataloging agency: OSt
- Transcribing agency: OSt
150 ## - HEADING--TOPICAL TERM
- Topical term or geographic name entry element: सिनेमा
670 ## - SOURCE DATA FOUND
- Source citation: Work cat.: (OSt)1679045: महेश, आनंद 1114709, रंग दस्तावेज़:, 2007.
